000 00693ntaaa2200217 4500
003 01
005 20251027200630.0
008 0714s1973 ag 01
040 _aAR-BaBN
_bspa
_cAR-BaBN
_eaacr
_dRIC
082 _a253.4 As7n
100 _aAssociation for Clinical Pastoral Education. Conference 1. Chicago, 1968
_92385
245 _aNew thrusts in clinical pastoral education /
_c1968 Association for Clinical Pastoral Education. Conference 1. Chicago,
250 _a1 ed.
260 _as/l :
_bACPE,
_c1968
300 _a107 p
650 _aConsejo Pastoral
_9270
650 _aCuidado Pastoral
_91338
650 _aPastor-Ministerio Cristiano
650 _aPsicologia Pastoral
942 _cBK
999 _c941
_d941